000 00311nam a22001337a 4500
008 181011b xxu||||| |||| 00| 0 eng d
020 _a9780721651552
041 _aeng
080 _a541
100 _a12
101 _aKIM
245 _aFluid, Electrolyte and Acid-Base Physiology
_cHalperin
942 _2udc
_cBK
999 _c49403
_d49403